[Event "37. Ciutat de Badalona 2011"]
[Site "Badalona ESP"]
[Date "2011.08.01"]
[Round "1.2"]
[White "Gardela Batlle, Jordi"]
[Black "Moskalenko, Viktor"]
[Result "0-1"]
[WhiteElo "2193"]
[BlackElo "2591"]
[PlyCount "58"]
[EventDate "2011.08.01"]
[EventType "swiss"]
[EventRounds "9"]
[EventCountry "ESP"]
[Source "lmi"]
[SourceDate "2011.08.01"]

1. c4 e5 2. Nc3 d6 3. g3 Nc6 4. Bg2 Be6 5. d3 Qd7 6. Rb1 g6 7. b4 Bg7 8. b5 Nd8
9. h4 h6 10. Nf3 Ne7 11. O-O Bh3 12. Nd5 Bxg2 13. Kxg2 Nxd5 14. cxd5 O-O 15.
Bd2 f5 16. Qc1 e4 17. dxe4 fxe4 18. Ng1 Nf7 19. Nh3 Qf5 20. Nf4 Rfc8 21. Bc3
Bxc3 22. Qxc3 Ne5 23. Qd4 a6 24. Rb2 axb5 25. Ne6 b6 26. f4 exf3+ 27. Rxf3 c5
28. Rxf5 cxd4 29. Rf1 Nc4 0-1

[Event "37. Ciutat de Badalona 2011"]
[Site "Badalona ESP"]
[Date "2011.08.01"]
[Round "1.4"]
[White "Moreno Martin, Daniel"]
[Black "Ortiz Suarez, Isan Reynaldo"]
[Result "1-0"]
[WhiteElo "2176"]
[BlackElo "2556"]
[PlyCount "98"]
[EventDate "2011.08.01"]
[EventType "swiss"]
[EventRounds "9"]
[EventCountry "ESP"]
[Source "lmi"]
[SourceDate "2011.08.01"]

1. e4 c5 2. Nf3 d6 3. d4 cxd4 4. Nxd4 Nf6 5. Nc3 a6 6. Be2 e6 7. O-O Qc7 8. f4
Be7 9. Kh1 O-O 10. a4 Nc6 11. Be3 Re8 12. Bf3 Bd7 13. Nb3 b6 14. g4 Bc8 15. g5
Nd7 16. Bg2 Bb7 17. Rf3 Nb4 18. Rh3 g6 19. Qd2 Bf8 20. Rf1 Bg7 21. Qf2 Rac8 22.
Qh4 Nf8 23. Qf2 Nd7 24. Qh4 Nf8 25. Qf2 b5 26. axb5 axb5 27. Nxb5 Qd7 28. Nc3
Bxc3 29. bxc3 Rxc3 30. Qd2 Rec8 31. Nc5 R3xc5 32. Bxc5 dxc5 33. Qxd7 Nxd7 34.
c3 Nc6 35. Rd3 Rc7 36. Rb1 c4 37. Rd6 Ne7 38. Rb4 e5 39. Kg1 exf4 40. Rxc4 Rxc4
41. Rxd7 Bxe4 42. Rxe7 Bxg2 43. Kxg2 Rxc3 44. Re4 Rc2+ 45. Kh3 Rf2 46. Re5 Kg7
47. Re7 f3 48. Re5 Rg2 49. Ra5 Rg1 1-0

[Event "37. Ciutat de Badalona 2011"]
[Site "Badalona ESP"]
[Date "2011.08.01"]
[Round "1.5"]
[White "Panchanathan, Magesh Chandran"]
[Black "Ramirez Garcia, Jorge Alberto"]
[Result "1-0"]
[WhiteElo "2556"]
[BlackElo "2166"]
[PlyCount "39"]
[EventDate "2011.08.01"]
[EventType "swiss"]
[EventRounds "9"]
[EventCountry "ESP"]
[Source "lmi"]
[SourceDate "2011.08.01"]

1. Nf3 d5 2. d4 Nf6 3. c4 e6 4. g3 dxc4 5. Qa4+ Nbd7 6. Bg2 a6 7. Qxc4 b5 8.
Qc6 Rb8 9. Bf4 Nd5 10. Bg5 Be7 11. Bxe7 Qxe7 12. Nc3 Nb4 13. Qxc7 Nc2+ 14. Kd1
Nxa1 15. Ne5 b4 16. Ne4 O-O 17. Nc6 Qe8 18. Nd6 Rb7 19. Nxe8 Rxc7 20. Nxc7 1-0

[Event "37. Ciutat de Badalona 2011"]
[Site "Badalona ESP"]
[Date "2011.08.01"]
[Round "1.6"]
[White "Hoffmeister, Frank Dr"]
[Black "Almeida Quintana, Omar"]
[Result "0-1"]
[WhiteElo "2164"]
[BlackElo "2548"]
[PlyCount "110"]
[EventDate "2011.08.01"]
[EventType "swiss"]
[EventRounds "9"]
[EventCountry "ESP"]
[Source "lmi"]
[SourceDate "2011.08.01"]

1. d4 Nf6 2. Nf3 g6 3. c4 Bg7 4. Nc3 d6 5. e4 O-O 6. Be2 c5 7. O-O cxd4 8. Nxd4
Nc6 9. Be3 Bd7 10. Qd2 Nxd4 11. Bxd4 Bc6 12. f3 a5 13. b3 Nd7 14. Be3 Nc5 15.
Rab1 Qb6 16. Rfc1 Rfc8 17. Rc2 Be5 18. Kh1 e6 19. Bf1 Qd8 20. Bg5 f6 21. Be3 f5
22. Bg5 Qf8 23. exf5 gxf5 24. Nb5 f4 25. Rbc1 a4 26. b4 Nb3 27. axb3 axb3 28.
Nd4 Bxd4 29. Qxd4 e5 30. Qf2 bxc2 31. Bd3 Qg7 32. Qh4 e4 33. fxe4 Ra1 34. Bxf4
Rf8 35. h3 Rxc1+ 36. Bxc1 Qe5 37. Qg4+ Kh8 38. Qe2 Ba4 39. Kg1 Qa1 40. Qe3 Qc3
41. b5 Bb3 42. Bd2 Qa1+ 43. Bc1 Rc8 44. c5 dxc5 45. e5 Qd4 46. Kf2 Rf8+ 47. Ke2
Qd5 48. Qe4 Qf7 49. Kd2 Rd8 50. Kc3 Ba2 51. Bxc2 Rd4 52. Qe2 Qc7 53. Kb2 Qa5
54. Bd2 Qxd2 55. Qxd2 Rxd2 0-1

[Event "37. Ciutat de Badalona 2011"]
[Site "Badalona ESP"]
[Date "2011.08.01"]
[Round "1.7"]
[White "Narciso Dublan, Marc"]
[Black "Aguilar Garrido, Ivan"]
[Result "1-0"]
[WhiteElo "2544"]
[BlackElo "2155"]
[PlyCount "63"]
[EventDate "2011.08.01"]
[EventType "swiss"]
[EventRounds "9"]
[EventCountry "ESP"]
[Source "lmi"]
[SourceDate "2011.08.01"]

1. e4 c5 2. Nf3 Nc6 3. Bb5 g6 4. Bxc6 dxc6 5. d3 Bg7 6. h3 e5 7. O-O Qe7 8. Be3
f6 9. Qd2 Be6 10. Qc3 Bf8 11. a4 a5 12. Nfd2 b6 13. f4 Bh6 14. Nc4 Qc7 15. fxe5
Bxc4 16. Bxh6 Nxh6 17. Qxc4 Qxe5 18. Nd2 Nf7 19. Qb3 O-O 20. Qxb6 Rab8 21. Qxa5
Rxb2 22. Nf3 Qd6 23. Qc3 Rfb8 24. a5 R2b5 25. a6 Ra8 26. Ra5 Ra7 27. Rfa1 Kg7
28. Kh1 Qb8 29. Rxb5 Qxb5 30. e5 fxe5 31. Nxe5 Rxa6 32. Rf1 1-0

[Event "37. Ciutat de Badalona 2011"]
[Site "Badalona ESP"]
[Date "2011.08.01"]
[Round "1.8"]
[White "Lasinskas, Povilas"]
[Black "Ballester Llagaria, Luis Eduard"]
[Result "0-1"]
[WhiteElo "2148"]
[BlackElo "2532"]
[PlyCount "104"]
[EventDate "2011.08.01"]
[EventType "swiss"]
[EventRounds "9"]
[EventCountry "ESP"]
[Source "lmi"]
[SourceDate "2011.08.01"]

1. d4 Nf6 2. Nf3 g6 3. c4 Bg7 4. Nc3 d5 5. cxd5 Nxd5 6. e4 Nxc3 7. bxc3 c5 8.
Be2 O-O 9. Rb1 cxd4 10. cxd4 Qa5+ 11. Qd2 Qxd2+ 12. Bxd2 b6 13. O-O e6 14. Bb5
Bb7 15. Rfe1 Rc8 16. Rbc1 Nc6 17. d5 Nd8 18. d6 Rxc1 19. Bxc1 Rc8 20. Bf4 Rc5
21. Bd3 e5 22. Bd2 Rc6 23. Bb5 Rc2 24. Bg5 Bc6 25. Bd3 Rc3 26. Rd1 Ba4 27. Rd2
f6 28. Be3 Rc1+ 29. Bf1 Bb5 30. Re2 Rxf1+ 31. Kxf1 Kf7 32. a4 Bxe2+ 33. Kxe2
Nb7 34. Nd2 Ke6 35. Kd3 Bf8 36. Nc4 Bxd6 37. Nxd6 Kxd6 38. Kc4 Kc6 39. f3 f5
40. exf5 gxf5 41. g4 Nd6+ 42. Kd3 Kd5 43. g5 f4 44. Bf2 e4+ 45. fxe4+ Nxe4 46.
Bh4 Nc5+ 47. Ke2 Ke4 48. a5 bxa5 49. Bf2 Ne6 50. h4 a6 51. Be1 a4 52. Bc3 a3
0-1

[Event "37. Ciutat de Badalona 2011"]
[Site "Badalona ESP"]
[Date "2011.08.01"]
[Round "1.10"]
[White "Martin Capitan, Feliciano"]
[Black "Gonzalez Vidal, Yuri"]
[Result "0-1"]
[WhiteElo "2133"]
[BlackElo "2503"]
[PlyCount "68"]
[EventDate "2011.08.01"]
[EventType "swiss"]
[EventRounds "9"]
[EventCountry "ESP"]
[Source "lmi"]
[SourceDate "2011.08.01"]

1. e4 c6 2. d4 d5 3. Nc3 dxe4 4. Nxe4 Nd7 5. Nf3 Ngf6 6. Ng3 e6 7. Bd3 c5 8.
O-O cxd4 9. Nxd4 Bc5 10. Nb3 Be7 11. Re1 O-O 12. Bd2 Bd6 13. Bc3 Qc7 14. Nh5
Bxh2+ 15. Kh1 Be5 16. Rxe5 Nxe5 17. Nxf6+ gxf6 18. Qh5 Ng6 19. Bxf6 Qf4 20. Bg5
Qe5 21. f4 Qxb2 22. Re1 f5 23. Re3 Bd7 24. Rg3 Rac8 25. Bh6 Rf7 26. Nd2 Kh8 27.
Nf3 Rg8 28. Ng5 Re7 29. Nf3 Bc6 30. Ne5 Nxe5 31. Rxg8+ Kxg8 32. fxe5 Qa1+ 33.
Kh2 Qxe5+ 34. Kh3 Qf6 0-1

[Event "37. Ciutat de Badalona 2011 B"]
[Site "Badalona ESP"]
[Date "2011.08.01"]
[Round "1.1"]
[White "Zaiats, Vladimir"]
[Black "Caro Martinez, Ramon"]
[Result "1-0"]
[WhiteElo "1997"]
[BlackElo "1738"]
[PlyCount "73"]
[EventDate "2011.08.01"]
[EventType "swiss"]
[EventRounds "9"]
[EventCountry "ESP"]
[Source "lmi"]
[SourceDate "2011.08.01"]

1. e4 g6 2. d4 Bg7 3. f4 d6 4. Nf3 c5 5. c3 cxd4 6. Nxd4 a6 7. Be3 Nf6 8. Nd2
Ng4 9. Bg1 e5 10. fxe5 dxe5 11. N4f3 Nc6 12. Nc4 O-O 13. Qxd8 Rxd8 14. Bb6 Rd7
15. Be2 Nf6 16. Be3 Rb8 17. Nfd2 Rd8 18. Bb6 Rd7 19. O-O-O Bh6 20. Kc2 Re7 21.
Bc5 Re8 22. Bd6 Ra8 23. Bf3 Bg4 24. Nb6 Rad8 25. Bc7 Rxd2+ 26. Rxd2 Bxd2 27.
Kxd2 Be6 28. b3 g5 29. Ke3 g4 30. Be2 Nd7 31. Nd5 b5 32. Rd1 Kg7 33. Bd6 Nf8
34. Nc7 Rc8 35. Nxa6 Na7 36. Nc5 f6 37. Bxf8+ 1-0

[Event "37. Ciutat de Badalona 2011 B"]
[Site "Badalona ESP"]
[Date "2011.08.02"]
[Round "2.1"]
[White "Castillo Martinez, Eloi"]
[Black "Zaiats, Vladimir"]
[Result "1/2-1/2"]
[WhiteElo "1997"]
[BlackElo "1997"]
[PlyCount "63"]
[EventDate "2011.08.01"]
[EventType "swiss"]
[EventRounds "9"]
[EventCountry "ESP"]
[Source "lmi"]
[SourceDate "2011.08.01"]

1. c4 c5 2. Nf3 e6 3. g3 d5 4. cxd5 exd5 5. d4 Nc6 6. Bg2 Nf6 7. O-O Be7 8.
dxc5 Bxc5 9. Bg5 Be7 10. Nc3 O-O 11. Bxf6 Bxf6 12. Qxd5 Qe7 13. Qe4 Qxe4 14.
Nxe4 Bxb2 15. Rab1 Ba3 16. Nc3 Bb4 17. Nd5 a5 18. Nb6 Ra6 19. Nxc8 Rxc8 20.
Rfd1 Rd8 21. Rxd8+ Nxd8 22. Nd4 Rd6 23. e3 b6 24. Rc1 Bc5 25. Nb3 Ba3 26. Rc8
g6 27. Nd4 Kg7 28. Bf1 Bc5 29. Nb3 Bb4 30. Nd4 Bc5 31. Nb3 Bb4 32. Nd4 1/2-1/2

[Event "37. Ciutat de Badalona 2011"]
[Site "Badalona ESP"]
[Date "2011.08.02"]
[Round "2.1"]
[White "Petrosian, Suren"]
[Black "Iturrizaga, Eduardo"]
[Result "0-1"]
[WhiteElo "2381"]
[BlackElo "2603"]
[PlyCount "52"]
[EventDate "2011.08.01"]
[EventType "swiss"]
[EventRounds "9"]
[EventCountry "ESP"]
[Source "lmi"]
[SourceDate "2011.08.01"]

1. e4 c5 2. Nf3 g6 3. d4 cxd4 4. Nxd4 Nc6 5. Nc3 Bg7 6. Be3 Nf6 7. Nxc6 bxc6 8.
e5 Ng8 9. f4 Nh6 10. Bc4 O-O 11. Qd2 d6 12. O-O-O Bg4 13. Rdf1 Qa5 14. h3 Be6
15. Bxe6 fxe6 16. g4 dxe5 17. fxe5 Nf7 18. Qd7 Qxe5 19. Re1 Rfd8 20. Qxe7 Bf8
21. Qb7 Nd6 22. Qa6 Rab8 23. Bd2 Qd4 24. Qe2 Ne4 25. Bf4 Qxc3 26. Bxb8 Bh6+ 0-1

[Event "37. Ciutat de Badalona 2011"]
[Site "Badalona ESP"]
[Date "2011.08.02"]
[Round "2.3"]
[White "Hernandez, Ivan"]
[Black "Hernandez Carmenates, Holden"]
[Result "0-1"]
[WhiteElo "2360"]
[BlackElo "2570"]
[PlyCount "106"]
[EventDate "2011.08.01"]
[EventType "swiss"]
[EventRounds "9"]
[EventCountry "ESP"]
[Source "lmi"]
[SourceDate "2011.08.01"]

1. d4 Nf6 2. c4 e6 3. Nf3 Nc6 4. a3 d5 5. Nc3 g6 6. Bg5 Bg7 7. e3 O-O 8. Rc1 h6
9. Bh4 Ne7 10. cxd5 exd5 11. Bd3 c6 12. O-O Bf5 13. Ne5 Bxd3 14. Nxd3 Nf5 15.
Bg3 Nxg3 16. hxg3 Ne8 17. b4 a6 18. a4 b5 19. Ne2 Rc8 20. Nc5 Ra8 21. Nb7 Qd7
22. Na5 Rc8 23. Nf4 Nd6 24. Nd3 Rfe8 25. Nc5 Qa7 26. Ra1 Qb6 27. Nd7 Qc7 28.
Nc5 Ra8 29. Qc2 h5 30. Ra2 Qc8 31. Rfa1 Ra7 32. Nab3 Rae7 33. axb5 axb5 34. Ra6
Nc4 35. Ra7 Bf6 36. R1a6 h4 37. Rxe7 Rxe7 38. gxh4 Bxh4 39. Nd2 Bxf2+ 40. Kxf2
Nxe3 41. Qd3 Qg4 42. Qxe3 Rxe3 43. Kxe3 Qxg2 44. Rxc6 g5 45. Nf3 Qg3 46. Ke2 g4
47. Ne5 Qh2+ 48. Ke3 g3 49. Ng4 Qh3 50. Nd7 g2+ 51. Kf4 g1=Q 52. Ndf6+ Kg7 53.
Ne8+ Kf8 0-1

[Event "37. Ciutat de Badalona 2011"]
[Site "Badalona ESP"]
[Date "2011.08.02"]
[Round "2.4"]
[White "Ortiz Suarez, Isan Reynaldo"]
[Black "Thakur, Akash"]
[Result "1-0"]
[WhiteElo "2556"]
[BlackElo "2327"]
[PlyCount "73"]
[EventDate "2011.08.01"]
[EventType "swiss"]
[EventRounds "9"]
[EventCountry "ESP"]
[Source "lmi"]
[SourceDate "2011.08.01"]

1. d4 d5 2. Nf3 Nf6 3. c4 c6 4. Nc3 dxc4 5. a4 Bf5 6. Ne5 Nbd7 7. Nxc4 Qc7 8.
g3 e5 9. dxe5 Nxe5 10. Bf4 Nfd7 11. Bg2 f6 12. O-O Nc5 13. Ne3 Be6 14. b4 Rd8
15. Qc2 Na6 16. b5 Nb4 17. Qb2 g5 18. Ne4 gxf4 19. gxf4 Be7 20. fxe5 Qxe5 21.
Qxe5 fxe5 22. Rfc1 Rg8 23. Ng3 Kf7 24. Rab1 Na2 25. Rc2 Nb4 26. Rcb2 Nd5 27.
bxc6 bxc6 28. Nc4 Bf6 29. Rb7+ Ne7 30. Na5 Rd4 31. Nxc6 Rxa4 32. Rd1 Bc4 33.
Kf1 Ra2 34. Bf3 Ke6 35. Ne4 Bxe2+ 36. Bxe2 Nxc6 37. Bc4+ 1-0

[Event "37. Ciutat de Badalona 2011"]
[Site "Badalona ESP"]
[Date "2011.08.02"]
[Round "2.5"]
[White "Pomes Marcet, Juan"]
[Black "Panchanathan, Magesh Chandran"]
[Result "1/2-1/2"]
[WhiteElo "2347"]
[BlackElo "2556"]
[PlyCount "113"]
[EventDate "2011.08.01"]
[EventType "swiss"]
[EventRounds "9"]
[EventCountry "ESP"]
[Source "lmi"]
[SourceDate "2011.08.01"]

1. d4 Nf6 2. c4 e6 3. Nc3 Bb4 4. e3 O-O 5. Nge2 d5 6. a3 Be7 7. Ng3 c6 8. b3
Qa5 9. Bd2 Qc7 10. Be2 e5 11. cxd5 exd4 12. exd4 Nxd5 13. O-O Be6 14. Bc4 Bf6
15. Rc1 Qd8 16. Bxd5 Bxd5 17. Be3 Na6 18. Nge4 Nc7 19. Nc5 b6 20. Nd3 Be7 21.
b4 f6 22. Nxd5 cxd5 23. Qb3 Qd7 24. Rc2 Ne6 25. Rfc1 Kh8 26. g3 Rfe8 27. Rc3
Bf8 28. R3c2 Rad8 29. b5 Qf7 30. Nf4 Bd6 31. Nxe6 Qxe6 32. Qd3 Qg4 33. a4 h5
34. Qd1 Qf5 35. Rc6 Re4 36. R1c3 Bb8 37. f3 Re7 38. Bf2 Rde8 39. Qd3 Qh3 40.
Qf1 Qd7 41. Qd3 Kg8 42. Kg2 Kf7 43. Qh7 h4 44. Qxh4 Qf5 45. Qh3 Qxh3+ 46. Kxh3
Re2 47. Rc2 R8e6 48. Rc8 Bd6 49. Kg2 R6e3 50. Rxe2 Rxe2 51. Ra8 Bb4 52. Rxa7+
Kg6 53. Kf1 Ra2 54. Ra8 Ra1+ 55. Kg2 Ra2 56. Kf1 Ra1+ 57. Kg2 1/2-1/2

[Event "37. Ciutat de Badalona 2011"]
[Site "Badalona ESP"]
[Date "2011.08.02"]
[Round "2.6"]
[White "Almeida Quintana, Omar"]
[Black "Pulvett, Daniel"]
[Result "1-0"]
[WhiteElo "2548"]
[BlackElo "2303"]
[PlyCount "79"]
[EventDate "2011.08.01"]
[EventType "swiss"]
[EventRounds "9"]
[EventCountry "ESP"]
[Source "lmi"]
[SourceDate "2011.08.01"]

1. d4 Nf6 2. c4 g6 3. Nc3 d5 4. e3 Bg7 5. cxd5 Nxd5 6. Nxd5 Qxd5 7. Ne2 O-O 8.
Nc3 Qd8 9. Be2 c5 10. d5 Nd7 11. e4 a6 12. a4 e6 13. Be3 exd5 14. exd5 b6 15.
O-O Bb7 16. Qd2 Re8 17. Rfd1 Nf6 18. Bf3 Rc8 19. Rac1 Qd7 20. h3 b5 21. axb5
axb5 22. Bg5 b4 23. Bxf6 Bxf6 24. Ne4 Rxe4 25. Bxe4 Bd4 26. Rc4 Be5 27. Bf3 Qd6
28. b3 Ba6 29. Rh4 Bf6 30. Re4 Kg7 31. Be2 Bxe2 32. Qxe2 Ra8 33. g3 Ra3 34. Qc4
Ra2 35. Kg2 h5 36. h4 Ra8 37. Rd3 Ra7 38. g4 hxg4 39. Rxg4 Kf8 40. Rh3 1-0

[Event "37. Ciutat de Badalona 2011"]
[Site "Badalona ESP"]
[Date "2011.08.02"]
[Round "2.7"]
[White "Ten Hertog, Hugo"]
[Black "Narciso Dublan, Marc"]
[Result "1/2-1/2"]
[WhiteElo "2302"]
[BlackElo "2544"]
[PlyCount "91"]
[EventDate "2011.08.01"]
[EventType "swiss"]
[EventRounds "9"]
[EventCountry "ESP"]
[Source "lmi"]
[SourceDate "2011.08.01"]

1. e4 c6 2. d4 d5 3. e5 Bf5 4. Nf3 e6 5. Be2 Nd7 6. O-O Ne7 7. Be3 Bg6 8. Nbd2
Nf5 9. Bf4 Be7 10. g4 Nh4 11. Nxh4 Bxh4 12. Bg3 Bxg3 13. hxg3 Qb6 14. Nb3 O-O
15. f4 Be4 16. Bf3 Bxf3 17. Qxf3 c5 18. dxc5 Nxc5 19. Nxc5 Qxc5+ 20. Qf2 Rfc8
21. c3 a5 22. Rad1 Qxf2+ 23. Rxf2 Rc4 24. Rfd2 h6 25. Rd4 b5 26. Rxc4 bxc4 27.
Kf2 Rb8 28. Rd2 a4 29. Ke3 Kf8 30. Kd4 Rb5 31. Rh2 Ke7 32. g5 hxg5 33. fxg5 Kd7
34. a3 Kc6 35. Rh8 Rxb2 36. Rc8+ Kb7 37. Rf8 Ra2 38. Kc5 Rxa3 39. Rxf7+ Ka6 40.
Re7 Rxc3 41. Rxe6+ Kb7 42. Re7+ Kb8 43. Re8+ Kb7 44. Re7+ Kb8 45. Re8+ Kb7 46.
Re7+ 1/2-1/2

[Event "37. Ciutat de Badalona 2011"]
[Site "Badalona ESP"]
[Date "2011.08.02"]
[Round "2.9"]
[White "Perez Manas, Benjamin"]
[Black "Volodin, Aleksandr"]
[Result "0-1"]
[WhiteElo "2298"]
[BlackElo "2523"]
[PlyCount "64"]
[EventDate "2011.08.01"]
[EventType "swiss"]
[EventRounds "9"]
[EventCountry "ESP"]
[Source "lmi"]
[SourceDate "2011.08.01"]

1. d4 Nf6 2. c4 c5 3. d5 b5 4. cxb5 a6 5. bxa6 d6 6. Nc3 Bxa6 7. e4 Bxf1 8.
Kxf1 g6 9. Nf3 Nbd7 10. g3 Bg7 11. Kg2 O-O 12. Re1 Qb6 13. Qc2 Ng4 14. h3 Nge5
15. Nxe5 Nxe5 16. f4 Nc4 17. a4 Qb4 18. Re2 Rfb8 19. e5 Qb3 20. exd6 Bxc3 21.
Qxb3 Rxb3 22. dxe7 Nd6 23. bxc3 Rxc3 24. f5 Rd3 25. Bf4 Ne8 26. d6 f6 27. Rb1
g5 28. Rb7 gxf4 29. d7 f3+ 30. Kf2 fxe2 31. d8=Q Rdxd8 32. exd8=Q Rxd8 0-1

[Event "37. Ciutat de Badalona 2011"]
[Site "Badalona ESP"]
[Date "2011.08.02"]
[Round "2.10"]
[White "Gonzalez Vidal, Yuri"]
[Black "Colon Garcia, Enrique"]
[Result "1-0"]
[WhiteElo "2503"]
[BlackElo "2276"]
[PlyCount "57"]
[EventDate "2011.08.01"]
[EventType "swiss"]
[EventRounds "9"]
[EventCountry "ESP"]
[Source "lmi"]
[SourceDate "2011.08.01"]

1. d4 Nf6 2. c4 e6 3. Nc3 Bb4 4. Qc2 O-O 5. e4 d5 6. e5 Ne4 7. Bd3 c5 8. Nge2
cxd4 9. Nxd4 Nd7 10. Bf4 Ndc5 11. O-O Nxd3 12. Qxd3 Nxc3 13. bxc3 Be7 14. cxd5
Qxd5 15. c4 Qc5 16. Nb5 Rd8 17. Qg3 Bd7 18. Bh6 Bf8 19. Nd6 Bc6 20. Rad1 Qb6
21. Rd3 Qc7 22. Rfd1 Ba4 23. R1d2 b5 24. Rd4 bxc4 25. Rxc4 Qb6 26. h4 Qb1+ 27.
Kh2 Bd1 28. Rcd4 Bh5 29. Bxg7 1-0

[Event "37. Ciutat de Badalona 2011"]
[Site "Badalona ESP"]
[Date "2011.08.03"]
[Round "3.1"]
[White "Iturrizaga, Eduardo"]
[Black "Perez Mitjans, Orelvis"]
[Result "1-0"]
[WhiteElo "2603"]
[BlackElo "2452"]
[PlyCount "78"]
[EventDate "2011.08.01"]
[EventType "swiss"]
[EventRounds "9"]
[EventCountry "ESP"]
[Source "lmi"]
[SourceDate "2011.08.01"]

1. d4 Nf6 2. Nf3 g6 3. c4 c5 4. g3 Bg7 5. Bg2 cxd4 6. Nxd4 O-O 7. O-O Nc6 8.
Nc3 Ng4 9. e3 Nge5 10. b3 d6 11. h3 Bd7 12. Nde2 f5 13. Bb2 a6 14. Qd2 Qa5 15.
Rad1 Be8 16. f4 Nd7 17. Nd4 Nc5 18. Nd5 Qxd2 19. Rxd2 Ra7 20. Nb6 Bf6 21. g4
Ne4 22. Bxe4 fxe4 23. Ne6 Bxb2 24. Rxb2 a5 25. Nxf8 Kxf8 26. a3 Bf7 27. Rd1 Ra6
28. Nd5 Bxd5 29. cxd5 Na7 30. a4 Nc8 31. b4 Nb6 32. bxa5 Nc4 33. Rxb7 Nxe3 34.
Rd4 Rxa5 35. Rb5 Ra7 36. Rxe4 Nc2 37. Rb2 Rc7 38. a5 Na3 39. a6 Kf7 1-0

[Event "37. Ciutat de Badalona 2011"]
[Site "Badalona ESP"]
[Date "2011.08.03"]
[Round "3.5"]
[White "Jerez Perez, Alfonso"]
[Black "Almeida Quintana, Omar"]
[Result "0-1"]
[WhiteElo "2416"]
[BlackElo "2548"]
[PlyCount "92"]
[EventDate "2011.08.01"]
[EventType "swiss"]
[EventRounds "9"]
[EventCountry "ESP"]
[Source "lmi"]
[SourceDate "2011.08.01"]

1. e4 g6 2. d4 Bg7 3. Nc3 c6 4. Bc4 d6 5. Qf3 e6 6. Nge2 Nd7 7. Bb3 Qe7 8. d5
cxd5 9. exd5 e5 10. g4 Nc5 11. Ng3 Nh6 12. Bxh6 Bxh6 13. Nce4 Nxe4 14. Ba4+ Kd8
15. Qxe4 Rf8 16. Qb4 f5 17. Bb5 fxg4 18. Ne4 Kc7 19. Qa5+ Kb8 20. Qb4 Bf5 21.
Qxd6+ Qxd6 22. Nxd6 Bxc2 23. Be2 Bf4 24. Bxg4 Rd8 25. Nc4 Be4 26. O-O Bd3 27.
Ne3 Bxf1 28. Rxf1 a5 29. Be6 Ra6 30. Re1 Rb6 31. b3 a4 32. bxa4 Rb4 33. a5 Ra4
34. Re2 Bxe3 35. Rxe3 Rxa2 36. Rxe5 Rxa5 37. Re3 b5 38. Kf1 b4 39. Ke1 Kc7 40.
Rh3 Rb8 41. Rxh7+ Kd6 42. Rd7+ Ke5 43. f4+ Kd4 44. f5 gxf5 45. Bxf5 b3 46. Kd2
Ra2+ 0-1

[Event "37. Ciutat de Badalona 2011"]
[Site "Badalona ESP"]
[Date "2011.08.03"]
[Round "3.7"]
[White "Perpinya Rofes, Lluis Maria"]
[Black "Gonzalez Vidal, Yuri"]
[Result "0-1"]
[WhiteElo "2395"]
[BlackElo "2503"]
[PlyCount "56"]
[EventDate "2011.08.01"]
[EventType "swiss"]
[EventRounds "9"]
[EventCountry "ESP"]
[Source "lmi"]
[SourceDate "2011.08.01"]

1. e4 c5 2. Nf3 d6 3. d4 cxd4 4. Nxd4 Nf6 5. Nc3 g6 6. Be3 Bg7 7. f3 O-O 8. Qd2
Nc6 9. Bc4 Bd7 10. O-O-O Rc8 11. Bb3 Nxd4 12. Bxd4 b5 13. Bxa7 b4 14. Nd5 Nxd5
15. exd5 Qa5 16. Qe3 Ba4 17. Bd4 Bxb3 18. Qxb3 Rc7 19. Rhe1 Rfc8 20. Bxg7 Kxg7
21. Re2 Qc5 22. a3 bxa3 23. Qxa3 Qb6 24. Qd3 Kg8 25. Qd4 Qa6 26. Rde1 Rc4 27.
Qd3 Qa1+ 28. Kd2 Qxb2 0-1

[Event "37. Ciutat de Badalona 2011"]
[Site "Badalona ESP"]
[Date "2011.08.03"]
[Round "3.8"]
[White "Solleveld, Maarten"]
[Black "Buchenau, Frank"]
[Result "1/2-1/2"]
[WhiteElo "2497"]
[BlackElo "2237"]
[PlyCount "64"]
[EventDate "2011.08.01"]
[EventType "swiss"]
[EventRounds "9"]
[EventCountry "ESP"]
[Source "lmi"]
[SourceDate "2011.08.01"]

1. c4 e5 2. g3 Nf6 3. Bg2 c6 4. d4 Bb4+ 5. Bd2 Bxd2+ 6. Qxd2 d6 7. Nc3 Qe7 8.
e3 Nbd7 9. Nge2 Nb6 10. b3 e4 11. h3 h5 12. Rc1 Bf5 13. Na4 Nxa4 14. bxa4 O-O
15. Rb1 Qd7 16. Nc3 Rfe8 17. Bf1 Rad8 18. Rb3 Qc8 19. Kd1 d5 20. c5 Qc7 21. Qb2
Rb8 22. a5 Qxa5 23. Ra3 Qd8 24. Rxa7 b6 25. Qa3 bxc5 26. Qxc5 Rb6 27. Kc1 Qb8
28. Ra3 Rb2 29. Be2 Bd7 30. Ra8 Qb7 31. Ra7 Qb8 32. Ra8 Qb7 1/2-1/2

[Event "37. Ciutat de Badalona 2011"]
[Site "Badalona ESP"]
[Date "2011.08.03"]
[Round "3.9"]
[White "Delgado Ramos, Hector"]
[Black "Deshpande, Aniruddha"]
[Result "1-0"]
[WhiteElo "2488"]
[BlackElo "2228"]
[PlyCount "81"]
[EventDate "2011.08.01"]
[EventType "swiss"]
[EventRounds "9"]
[EventCountry "ESP"]
[Source "lmi"]
[SourceDate "2011.08.01"]

1. d4 d5 2. c4 Bf5 3. Nc3 e6 4. Nf3 Nc6 5. cxd5 exd5 6. Bg5 f6 7. Bf4 Bb4 8. e3
Nge7 9. Be2 Qd7 10. Rc1 Bg4 11. h3 Be6 12. a3 Bd6 13. Bxd6 Qxd6 14. O-O g5 15.
Ne1 O-O 16. Nd3 Rae8 17. Nc5 Bc8 18. Bh5 Ng6 19. Qb3 b6 20. N5e4 Rxe4 21. Nxe4
Qe6 22. Bxg6 hxg6 23. Nc3 Ne7 24. Nb5 c6 25. Nxa7 Bd7 26. Qxb6 g4 27. hxg4 Kg7
28. Qc7 Rh8 29. g5 Rh5 30. gxf6+ Kxf6 31. Rc3 Kg7 32. Rfc1 Rg5 33. Nxc6 Qe4 34.
f3 Qxf3 35. Qe5+ Rxe5 36. gxf3 Rg5+ 37. Kf2 Nxc6 38. Rxc6 Bxc6 39. Rxc6 Rh5 40.
Rb6 Rh2+ 41. Kg3 1-0

[Event "37. Ciutat de Badalona 2011"]
[Site "Badalona ESP"]
[Date "2011.08.03"]
[Round "3.10"]
[White "Lorenzo De La Riva, Lazaro"]
[Black "Baryshpolets, Andrey"]
[Result "1-0"]
[WhiteElo "2391"]
[BlackElo "2474"]
[PlyCount "65"]
[EventDate "2011.08.01"]
[EventType "swiss"]
[EventRounds "9"]
[EventCountry "ESP"]
[Source "lmi"]
[SourceDate "2011.08.01"]

1. e4 e5 2. Nf3 Nc6 3. d4 exd4 4. Nxd4 Bc5 5. Nb3 Bb6 6. Nc3 Nf6 7. Qe2 O-O 8.
Bg5 Nd4 9. Qd2 Nxb3 10. axb3 Re8 11. O-O-O h6 12. Bxf6 Qxf6 13. f4 d6 14. Kb1
Ba5 15. Bd3 Bxc3 16. bxc3 a5 17. Rhf1 Be6 18. Rde1 a4 19. b4 a3 20. e5 dxe5 21.
fxe5 Qd8 22. Qf4 Qd5 23. c4 Qd7 24. Ka1 a2 25. Rf3 Red8 26. c3 Ra3 27. Qc1 Qa4
28. Bc2 Qa8 29. Rg3 Kf8 30. Qf4 c6 31. Qe4 Rd2 32. Qh7 g6 33. Qxh6+ 1-0

[Event "37. Ciutat de Badalona 2011"]
[Site "Badalona ESP"]
[Date "2011.08.04"]
[Round "4.1"]
[White "Gonzalez Vidal, Yuri"]
[Black "Iturrizaga, Eduardo"]
[Result "1/2-1/2"]
[WhiteElo "2503"]
[BlackElo "2603"]
[PlyCount "27"]
[EventDate "2011.08.01"]
[EventType "swiss"]
[EventRounds "9"]
[EventCountry "ESP"]
[Source "lmi"]
[SourceDate "2011.08.01"]

1. e4 c5 2. Nf3 d6 3. d4 cxd4 4. Nxd4 Nf6 5. Nc3 Nc6 6. Bg5 Bd7 7. Qd2 Rc8 8.
O-O-O Nxd4 9. Qxd4 Qa5 10. Bd2 a6 11. f3 g6 12. Kb1 Bg7 13. Nd5 Qa4 14. Qxa4
1/2-1/2